[Event "Daehne Cup Region 13/14 III Rest"]
[Site "Burgdorf"]
[Date "2014.02.17"]
[Round "2"]
[White "Foit, Werner"]
[Black "Tuerstig, Alexander"]
[Result "1-0"]
[WhiteElo "1346"]
[BlackElo "1017"]
[PlyCount "77"]
[EventDate "2014.02.??"]
[EventType "swiss"]
[EventRounds "4"]
[EventCountry "GER"]
[SourceTitle "EXT 2022"]
[Source "ChessBase"]
[SourceDate "2021.10.06"]
[SourceVersion "1"]
[SourceVersionDate "2021.10.06"]
[SourceQuality "1"]

1. e4 d5 2. exd5 Qxd5 3. Nc3 Qd6 4. Nf3 Nf6 5. d4 a6 6. Bc4 Bg4 7. 0-0 Nc6 8. Be3 e6 9. a3 Be7 10. Be2 Bf5 11. Nd2 0-0 12. Nc4 Qd8 13. Bf3 Nd5 14. Nxd5 exd5 15. Nd2 Be6 16. Bg4 Bg5 17. c3 f5 18. Bxg5 Qxg5 19. Bh3 Ne7 20. Nf3 Qh6 21. Qd2 f4 22. Bxe6+ Qxe6 23. Rfe1 Qf6 24. Ne5 Rad8 25. f3 Ng6 26. Nxg6 Qxg6 27. Re5 Rf5 28. Rae1 Qf7 29. R1e2 g5 30. h3 h5 31. Re7 Qg6 32. Qd3 Rdf8 33. R2e5 g4 34. hxg4 hxg4 35. fxg4 Qxg4 36. Qf3 Qh4 37. Qxd5+ R5f7 38. Rg5+ Kh8 39. Rh5+ 1-0